| 000 | 01493nam0a22003011 4500 | ||
|---|---|---|---|
| 001 | v19\rc\1815099 | ||
| 005 | 20260405230520.0 | ||
| 035 | _a(NLR Aleph) 005254909 | ||
| 090 |
_a5841707 _c5841707 |
||
| 100 | _a20071224e19071906|||y0rusy50 ca | ||
| 101 | 1 |
_arus _cger |
|
| 102 | _aRU | ||
| 105 | _ay z ||||| | ||
| 200 | 1 |
_aЛечение заболеваний кишечника _e(Therapie der Darmkrankheiten von Dr. Max Kahane. Medicinische Handbibliothek, 12. Bd.) _fД-р Max Kahane _gПер. с нем. д-ра мед. М.Я. Брейтмана |
|
| 210 |
_aСанкт-Петербург _cЖурн. "Практ. медицина" (В.С. Эттингер) _d1907 |
||
| 215 |
_a[4], 123 с. _d25 |
||
| 311 | _aОтт. из журн. "Практ. медицина". 1906, № 4, 6, 9-10 | ||
| 454 | 0 |
_12000#$dTherapie der Darmkrankheiten von Dr. Max Kahane$zund _12251#$aMedicinische Handbibliothek$vBd. 12 |
|
| 488 | 0 |
_12001#$aПрактическая медицина$v1906, № 4, 6, 9-10 _tПрактическая медицина |
|
| 700 | 1 |
_8rus _7ca _aКахане _bМ. _f1887-1926 _gМакс _3RU\NLR\AUTH\77104509 _987434 |
|
| 702 | 1 |
_4730 _8rus _7ca _aБрейтман _bМ. Я. _f1876-1962 _gМихаил Яковлевич _3RU\NLR\AUTH\7780841 _963769 |
|
| 801 | 0 |
_aRU _bNLR _c20071224 _gpsbo |
|
| 801 | 0 |
_aRU _bRuMoRGB _c20071224 _2psbo |
|
| 801 | 1 |
_aRU _bProSoft-M _c20071224 _2rusmarc |
|
| 801 | 2 |
_aRU _bNLR _c20110623 _2rusmarc |
|
| 852 |
_aNLR _jМд30/Б-7/13 |
||
| 942 | _cBOOK | ||
| 980 | _aNB | ||